00501nam a2200205 a 4500001001300000003000900013005001700022008004100039020001000080082001300090100001500103245002000118260003600138300000900174500003500183505001300218650002200231650002700253700001500280nice12345678IN_TiNIC20260116015217.0050524s1955 lona grp 000 0 eng  ac10000a201bLEW aLewis, C S aProblem of Pain aLondonbMacmillan and Co.c1955 a148p aincludes index and biblioraphy2 aAppendix aPain-Christianity aPhilosophical-Theology1 aLewis, C S